Little Looping Word Chains Quiz Stats

 Plays Quiz Updated Apr 1, 2013

Also try: In & Out Labyrinth
Challenge
Share
Tweet
Embed
Score 0/48 Timer 03:00
1 Play Today
% Correct
bare
99.9%
objective; aim
99.9%
identifying symbol
99.9%
additionally
99.9%
without assistance
99.9%
complain; gripe
99.9%
brief written reminder
99.9%
against
99.9%
the fourth dimension
99.9%
restaurant list
99.9%
citrus fruit
99.9%
supermarket section
99.9%
Lima nation
99.9%
cloak
99.9%
wreck
99.9%
Machu Picchu resident
99.9%
Mexican currency
99.9%
neck part
99.9%
spirit
99.9%
wrist bone
99.9%
evaluate
99.9%
gumbo ingredient
99.9%
squad
99.9%
in a frenzied manner
99.9%
% Correct
MENU
80.5%
GOAL
79.2%
ALSO
77.6%
PESO
76.9%
LIME
72.5%
NUDE
72.2%
PERU
71.9%
SOLO
69.6%
MEMO
62.6%
SOUL
60.6%
LOGO
60.5%
DELI
60.4%
TIME
58.8%
INCA
58.5%
ANTI
57.7%
ULNA
56.9%
CAPE
56.6%
NAPE
56.2%
TEAM
55.7%
RUIN
54.7%
MOAN
51.8%
RATE
41.8%
OKRA
37.9%
AMOK
31.9%

You're not logged in!

Compare scores with friends on all Sporcle quizzes.
Join for Free
OR
Log In

You Might Also Like...

Show Comments

Extras

Top Quizzes Today


Score Distribution

Your Account Isn't Verified!

In order to create a playlist on Sporcle, you need to verify the email address you used during registration. Go to your Sporcle Settings to finish the process.

Report this User

Report this user for behavior that violates our Community Guidelines.

Details: